MARC details
| 000 -LEADER |
| fixed length control field |
01440cam a2200277Ia 4500 |
| 001 - CONTROL NUMBER |
| control field |
centennial1983mich |
| 003 - CONTROL NUMBER IDENTIFIER |
| control field |
CaSfIA |
| 005 - DATE AND TIME OF LATEST TRANSACTION |
| control field |
20230525154944.0 |
| 007 - PHYSICAL DESCRIPTION FIXED FIELD--GENERAL INFORMATION |
| fixed length control field |
cr|||| |
| 008 - FIXED-LENGTH DATA ELEMENTS--GENERAL INFORMATION |
| fixed length control field |
080204t19831974nyub 000 f eng d |
| 040 ## - CATALOGING SOURCE |
| Original cataloging agency |
Z92 |
| Transcribing agency |
Z92 |
| Modifying agency |
WRJ |
| -- |
YDXCP |
| -- |
CaSfIA |
| 020 ## - INTERNATIONAL STANDARD BOOK NUMBER |
| International Standard Book Number |
9780449214190 |
| Terms of availability |
$8.99 |
| 020 ## - INTERNATIONAL STANDARD BOOK NUMBER |
| International Standard Book Number |
0449214192 |
| Terms of availability |
$8.99 |
| 035 ## - SYSTEM CONTROL NUMBER |
| System control number |
(OCoLC)191804533 |
| 043 ## - GEOGRAPHIC AREA CODE |
| Geographic area code |
n-us-co |
| 100 1# - MAIN ENTRY--PERSONAL NAME |
| Personal name |
Michener, James A. |
| Fuller form of name |
(James Albert), |
| Dates associated with a name |
1907-1997. |
| 245 10 - TITLE STATEMENT |
| Title |
Centennial / |
| Medium |
[electronic resource] |
| Statement of responsibility, etc. |
James A. Michener. |
| 250 ## - EDITION STATEMENT |
| Edition statement |
1st Ballantine Books ed. |
| 260 ## - PUBLICATION, DISTRIBUTION, ETC. |
| Place of publication, distribution, etc. |
New York : |
| Name of publisher, distributor, etc. |
Fawcett, Ballantine Books, |
| Date of publication, distribution, etc. |
1983, c1974. |
| 300 ## - PHYSICAL DESCRIPTION |
| Extent |
x, 1038 p. : |
| Other physical details |
maps ; |
| Dimensions |
18 cm. |
| 520 ## - SUMMARY, ETC. |
| Summary, etc. |
Written as a tribute to America's bicentennial celebration. Centennial is an epic novel of the history, land, and people of Colorado. Centered around the fictional town of Centennial, the story contains an extensive cast of characters including Native Americans, French fur trappers, English noblemen, and American cowboys, all caught up in the dramatic events and violent conflicts that shaped the destiny of the legendary West. |
| 650 #0 - SUBJECT ADDED ENTRY--TOPICAL TERM |
| Topical term or geographic name entry element |
Frontier and pioneer life |
| Geographic subdivision |
Colorado |
| Form subdivision |
Fiction. |
| 651 #0 - SUBJECT ADDED ENTRY--GEOGRAPHIC NAME |
| Geographic name |
Colorado |
| General subdivision |
History |
| Form subdivision |
Fiction. |
| 856 41 - ELECTRONIC LOCATION AND ACCESS |
| Uniform Resource Identifier |
<a href="http://www.archive.org/details/centennial1983mich">http://www.archive.org/details/centennial1983mich</a> |
| Public note |
Free eBook from the Internet Archive |
| 856 42 - ELECTRONIC LOCATION AND ACCESS |
| Uniform Resource Identifier |
<a href="http://www.openlibrary.org/books/OL24203000M">http://www.openlibrary.org/books/OL24203000M</a> |
| Public note |
Additional information and access via Open Library |